[Event "EU-ch Blitz"]
[Site "Zagreb"]
[Date "2023.12.16"]
[Round "1"]
[White "Petrov, Nikita"]
[Black "Tukovic, Dario"]
[Result "1-0"]
[WhiteElo "2561"]
[BlackElo "2140"]
[PlyCount "105"]
[EventDate "2023.12.16"]
[EventType "swiss (blitz)"]
[EventRounds "13"]
[EventCountry "CRO"]
[SourceTitle "CB51_2023"]
[SourceDate "2023.12.20"]
[SourceVersion "1"]
[SourceVersionDate "2023.12.20"]
[SourceQuality "1"]

1. d4 Nf6 2. Bg5 Ne4 3. Bf4 d5 4. e3 e6 5. Nd2 Bd6 6. Bd3 Nxd2 7. Qxd2 0-0 8. Nf3 Nd7 9. h4 Nf6 10. Ng5 c5 11. dxc5 Bxc5 12. Be5 h6 13. 0-0-0 Nd7 14. Nf3 Nxe5 15. Nxe5 Bd6 16. Nf3 a5 17. g4 e5 18. Bf5 Be6 19. Kb1 Qe7 20. e4 d4 21. g5 h5 22. c3 Rfd8 23. cxd4 exd4 24. Nxd4 Be5 25. Qe3 Qb4 26. a3 Bxd4 27. axb4 Bxe3 28. Rxd8+ Rxd8 29. fxe3 Bxf5 30. exf5 axb4 31. Kc2 Rd5 32. Rf1 Re5 33. Kd3 Kf8 34. e4 Ke7 35. Rc1 Kd6 36. Kd4 Ra5 37. Rc4 Ra4 38. b3 Ra2 39. Rxb4 Kc6 40. Rc4+ Kd6 41. e5+ Kd7 42. Rb4 Rh2 43. Rxb7+ Kc6 44. Rxf7 Rxh4+ 45. Ke3 Rg4 46. Rxg7 h4 47. Kf3 Rb4 48. f6 Rxb3+ 49. Kg4 Rb4+ 50. Kh3 Kd5 51. f7 Rf4 52. g6 Kxe5 53. Rg8 1-0

[Event "Dubrovnik Advent op"]
[Site "Dubrovnik"]
[Date "2023.12.02"]
[Round "4"]
[White "Tukovic, Dario"]
[Black "Ilijas, Dejan"]
[Result "1/2-1/2"]
[WhiteElo "2140"]
[BlackElo "1878"]
[PlyCount "108"]
[EventDate "2023.12.01"]
[EventType "swiss"]
[EventRounds "6"]
[EventCountry "CRO"]
[SourceTitle "CB49_2023"]
[SourceDate "2023.12.06"]
[SourceVersion "1"]
[SourceVersionDate "2023.12.06"]
[SourceQuality "1"]

1. d4 d6 2. c4 Nf6 3. Nc3 c6 4. e4 Nbd7 5. f4 e5 6. Nf3 Qc7 7. Bd3 Be7 8. 0-0 0-0 9. Kh1 Ne8 10. c5 exd4 11. cxd6 Qxd6 12. e5 Qc5 13. Nxd4 g6 14. Be3 Qa5 15. Qf3 Nc5 16. Bc4 Ng7 17. g4 Nce6 18. Nce2 Bd7 19. Rad1 Qc7 20. Qg3 b5 21. Bb3 c5 22. Nf5 Bc6+ 23. Bd5 Nxf5 24. gxf5 Nd4 25. Nxd4 cxd4 26. Rxd4 Bxd5+ 27. Rxd5 Qc4 28. Rfd1 Qe4+ 29. Kg1 Qxf5 30. Rxb5 Rfd8 31. Rbd5 Rxd5 32. Rxd5 Qb1+ 33. Kg2 Qxb2+ 34. Qf2 Qb7 35. Qf3 Qc8 36. Kg3 a5 37. a4 Bb4 38. Bf2 Qe8 39. Rd3 Rc8 40. Qd5 Qxa4 41. e6 Qe8 42. exf7+ Qxf7 43. Qxf7+ Kxf7 44. Rd7+ Ke6 45. Rxh7 Ra8 46. Bd4 Be7 47. Kg4 Bf6 48. Bxf6 Kxf6 49. Rh3 a4 50. Ra3 Ra7 51. h4 Ra5 52. Kg3 Kf5 53. Kf3 Ra8 54. Kg3 Ra6 1/2-1/2

[Event "Travnik op"]
[Site "Travnik"]
[Date "2023.07.29"]
[Round "5"]
[White "Lazic, Emanuel"]
[Black "Tukovic, Dario"]
[Result "1-0"]
[WhiteElo "2122"]
[BlackElo "2097"]
[PlyCount "53"]
[EventDate "2023.07.27"]
[EventType "swiss"]
[EventRounds "7"]
[EventCountry "BIH"]
[SourceTitle "EXT 2024"]
[Source "ChessBase"]
[SourceDate "2023.10.10"]
[SourceVersion "1"]
[SourceVersionDate "2023.10.10"]
[SourceQuality "1"]

1. e4 d6 2. d4 Nf6 3. Nc3 c6 4. f3 Nbd7 5. Be3 Qb6 6. Qc1 Qc7 7. Qd2 e5 8. 0-0-0 Be7 9. g4 0-0 10. h4 b5 11. h5 exd4 12. Qxd4 d5 13. g5 Bc5 14. Qd2 Bxe3 15. Qxe3 b4 16. gxf6 bxc3 17. Qg5 g6 18. bxc3 Qe5 19. Qxe5 Nxe5 20. exd5 cxd5 21. Rxd5 Re8 22. hxg6 fxg6 23. Bb5 Bb7 24. Rc5 Rac8 25. Bxe8 Rxc5 26. f7+ Kf8 27. Rxh7 1-0

[Event "Konjic op 12th"]
[Site "Konjic"]
[Date "2023.03.04"]
[Round "7"]
[White "Tukovic, Dario"]
[Black "Musovic, Armin"]
[Result "0-1"]
[WhiteElo "2087"]
[BlackElo "2254"]
[PlyCount "62"]
[EventDate "2023.03.01"]
[EventType "swiss"]
[EventRounds "7"]
[EventCountry "BIH"]
[SourceTitle "CBM 213 Extra"]
[Source "ChessBase"]
[SourceDate "2023.05.31"]
[SourceVersion "1"]
[SourceVersionDate "2023.05.31"]
[SourceQuality "1"]

1. d4 d5 2. c4 c5 3. cxd5 Nf6 4. Nc3 Nxd5 5. e4 Nxc3 6. bxc3 cxd4 7. cxd4 e5 8. d5 Bd6 9. Nf3 0-0 10. Be2 Na6 11. Be3 Nc5 12. Nd2 f5 13. exf5 Bxf5 14. 0-0 e4 15. Bg4 Qe7 16. Qe2 Rae8 17. g3 Nd3 18. Bxa7 Qd7 19. Bxf5 Qxf5 20. Rad1 Ne5 21. Kg2 Nf3 22. Nc4 Qg4 23. Rd2 Nh4+ 24. Kg1 Qh3 25. f4 Nf3+ 26. Rxf3 exf3 27. Qf2 Bb4 28. Rd1 Re2 29. Qxf3 Qxh2+ 30. Kf1 Rxa2 31. Bg1 Qh3+ 0-1

[Event "CRO-chT2 Qual 1B Liga"]
[Site "Slavonski Brod"]
[Date "2022.11.19"]
[Round "2.6"]
[White "Tukovic, Dario"]
[Black "Paradzik, Berislav"]
[Result "1/2-1/2"]
[WhiteElo "2087"]
[BlackElo "2210"]
[PlyCount "137"]
[EventDate "2022.11.18"]
[EventType "team-tourn"]
[EventRounds "3"]
[EventCountry "CRO"]
[SourceTitle "EXT 2024"]
[Source "ChessBase"]
[SourceDate "2023.10.10"]
[SourceVersion "1"]
[SourceVersionDate "2023.10.10"]
[SourceQuality "1"]
[WhiteTeam "Slavonski Brod Djakovic"]
[BlackTeam "Zagreb Novi"]
[WhiteTeamCountry "CRO"]
[BlackTeamCountry "CRO"]

1. d4 Nf6 2. c4 e6 3. Nc3 Bb4 4. Qc2 0-0 5. a3 Bxc3+ 6. Qxc3 d5 7. Nf3 b6 8. Bg5 dxc4 9. Qxc4 Ba6 10. Qa4 Qd7 11. Qc2 c5 12. dxc5 Rc8 13. Bxf6 gxf6 14. Qe4 bxc5 15. Rd1 Qb7 16. Qxb7 Bxb7 17. e3 Nc6 18. Be2 Rab8 19. 0-0 Ba8 20. Rd2 Na5 21. Rfd1 Bd5 22. Ne1 c4 23. f3 f5 24. Rc2 Rb3 25. Kf2 Rc6 26. Rdd2 Kg7 27. g3 Kf6 28. Ng2 c3 29. Rxc3 Rcxc3 30. bxc3 Rxc3 31. Nf4 Bc6 32. Rd3 Rc2 33. Ke1 Nc4 34. Rb3 Ne5 35. e4 fxe4 36. fxe4 Bxe4 37. Re3 Bg6 38. h4 Nc4 39. Rb3 Be4 40. Rb4 Bd5 41. Ra4 Rc3 42. Bxc4 Rxc4 43. Nxd5+ exd5 44. Rxa7 Rc2 45. Kf1 h5 46. a4 Ra2 47. a5 Ke6 48. a6 d4 49. Ra8 d3 50. a7 Kf6 51. Ke1 Kg7 52. Rd8 Rxa7 53. Rxd3 Ra5 54. Rf3 Kg6 55. Kf2 Ra4 56. Rb3 f6 57. Kf3 Ra1 58. Rb5 Rf1+ 59. Kg2 Rc1 60. Ra5 Rc2+ 61. Kf3 Rc3+ 62. Kf4 Rb3 63. Rc5 Rb1 64. Kf3 Re1 65. Kf4 Re2 66. Ra5 Rf2+ 67. Ke3 Rf1 68. Rb5 Re1+ 69. Kf4 1/2-1/2

[Event "CRO-ch U19"]
[Site "Split"]
[Date "2021.07.29"]
[Round "7"]
[White "Tukovic, Dario"]
[Black "Jakrlin, Mihael"]
[Result "0-1"]
[WhiteElo "1777"]
[BlackElo "2120"]
[PlyCount "144"]
[EventDate "2021.07.25"]
[EventType "swiss"]
[EventRounds "9"]
[EventCountry "CRO"]
[SourceTitle "EXT 2022"]
[Source "ChessBase"]
[SourceDate "2021.10.06"]
[SourceVersion "1"]
[SourceVersionDate "2021.10.06"]
[SourceQuality "1"]

1. d4 Nf6 2. c4 e6 3. a3 b6 4. Nc3 Bb7 5. d5 exd5 6. cxd5 Bd6 7. g3 0-0 8. Bg2 c6 9. Bg5 Be5 10. dxc6 dxc6 11. Nf3 Bxc3+ 12. bxc3 Qxd1+ 13. Rxd1 Ne4 14. Bd2 Nxd2 15. Rxd2 c5 16. 0-0 h6 17. Rfd1 Re8 18. e3 Nc6 19. Nh4 Na5 20. Bf1 Bc6 21. Rd6 Ba4 22. R1d2 Nb7 23. R6d3 Bb5 24. Rd5 Bc6 25. R5d3 Rab8 26. Bg2 Bb5 27. Rd5 Na5 28. Bf1 Bxf1 29. Kxf1 Nc4 30. Rd1 a5 31. a4 Nb2 32. Ra1 Re4 33. Ra2 Nxa4 34. Rc2 Rc4 35. Rd3 b5 36. Nf3 b4 37. Nd2 Rxc3 38. Rdxc3 Nxc3 39. Nb3 a4 40. Nxc5 a3 41. Nb3 a2 42. Ke1 Ra8 43. Na1 Rd8 44. Rd2 Rxd2 45. Kxd2 Ne4+ 46. Kc2 Nxf2 47. Kb2 Ng4 48. Nc2 Nxh2 49. Nd4 h5 50. Kxa2 Nf1 51. Ne2 Nxe3 52. Kb3 Kh7 53. Kxb4 Kg6 54. Kc3 Kg5 55. Kd2 Nf5 56. Ke1 Kg4 57. Kf2 g5 58. Kg2 Nd6 59. Nc3 h4 60. gxh4 Kxh4 61. Nd5 f5 62. Ne7 g4 63. Nd5 Kg5 64. Kg3 f4+ 65. Kg2 f3+ 66. Kf2 Ne4+ 67. Ke3 f2 68. Ke2 g3 69. Ne3 Kh4 70. Kf3 Kh3 71. Kxe4 g2 72. Nxg2 Kxg2 0-1

[Event "CRO-ch U19"]
[Site "Split"]
[Date "2021.07.28"]
[Round "5"]
[White "Levacic, Matej"]
[Black "Tukovic, Dario"]
[Result "0-1"]
[WhiteElo "2132"]
[BlackElo "1777"]
[PlyCount "126"]
[EventDate "2021.07.25"]
[EventType "swiss"]
[EventRounds "9"]
[EventCountry "CRO"]
[SourceTitle "EXT 2022"]
[Source "ChessBase"]
[SourceDate "2021.10.06"]
[SourceVersion "1"]
[SourceVersionDate "2021.10.06"]
[SourceQuality "1"]

1. d4 Nf6 2. Bf4 g6 3. Nc3 d5 4. e3 Bg7 5. h4 c6 6. Be2 h5 7. Nf3 b6 8. Ne5 Nfd7 9. Nf3 Nf6 10. Qd2 Ba6 11. Bxa6 Nxa6 12. Ne5 Rc8 13. Qe2 Nb8 14. g4 hxg4 15. Nxg4 Nbd7 16. Nxf6+ Nxf6 17. Be5 Rh5 18. 0-0-0 Kf8 19. Qa6 Qd7 20. f3 Ne8 21. Bxg7+ Nxg7 22. e4 Ne6 23. Qd3 b5 24. Ne2 Qd6 25. e5 Qb4 26. Ng3 Rh8 27. h5 g5 28. Kb1 a5 29. c3 Qa4 30. h6 b4 31. Qa6 Rb8 32. Qa7 Qb5 33. c4 dxc4 34. Nf5 Rb7 35. Qa8+ Rb8 36. Qa7 Re8 37. Rh2 Qd5 38. Rf1 c3 39. b3 c5 40. Qxa5 Qb7 41. d5 Ra8 42. Qxa8+ Qxa8 43. dxe6 fxe6 44. Ne3 Qe8 45. f4 Qg6+ 46. f5 exf5 47. Rxf5+ Ke8 48. Rg2 e6 49. Rgxg5 Qh7 50. Rg7 exf5 51. Rxh7 Rxh7 52. Nxf5 Kd7 53. Ng7 Ke7 54. e6 Kf6 55. e7 Kxe7 56. Nf5+ Kf6 57. Nd6 Ke5 58. Nc4+ Kd4 59. Nd6 Kd3 60. a4 Rxh6 61. Nc4 c2+ 62. Kb2 Rh1 63. Ne5+ Ke4 0-1

[Event "CRO-ch U19"]
[Site "Split"]
[Date "2021.07.27"]
[Round "4"]
[White "Tukovic, Dario"]
[Black "Galoic, David"]
[Result "1-0"]
[WhiteElo "1777"]
[BlackElo "1780"]
[PlyCount "107"]
[EventDate "2021.07.25"]
[EventType "swiss"]
[EventRounds "9"]
[EventCountry "CRO"]
[SourceTitle "EXT 2022"]
[Source "ChessBase"]
[SourceDate "2021.10.06"]
[SourceVersion "1"]
[SourceVersionDate "2021.10.06"]
[SourceQuality "1"]

1. d4 Nf6 2. c4 c5 3. d5 b5 4. cxb5 a6 5. bxa6 g6 6. Nc3 Bxa6 7. Nf3 d6 8. e4 Bxf1 9. Kxf1 Bg7 10. g3 0-0 11. Kg2 Nbd7 12. a4 Qa5 13. Bd2 Rfb8 14. Nb5 Qb6 15. Re1 Ne8 16. Qc2 Nc7 17. Nxc7 Qxc7 18. Bc3 Qb7 19. Ra2 Qb3 20. Qxb3 Rxb3 21. Bxg7 Kxg7 22. Nd2 Rb4 23. b3 c4 24. bxc4 Raxa4 25. Rea1 Rxa2 26. Rxa2 Ne5 27. Rc2 Nd3 28. Kf1 g5 29. Ke2 Nc5 30. f3 Ra4 31. Rb2 Kf6 32. h3 Ke5 33. Nf1 Rxc4 34. Ne3 Ra4 35. Ng4+ Kd4 36. Nh6 Kc3 37. Rb8 Ra2+ 38. Ke3 Rd2 39. g4 Rd3+ 40. Kf2 Kc2 41. Rc8 Rc3 42. Rc6 Nd3+ 43. Kg3 Ne5 44. Rxc3+ Kxc3 45. Nf5 Ng6 46. h4 gxh4+ 47. Nxh4 Nxh4 48. Kxh4 e6 49. dxe6 fxe6 50. f4 Kd4 51. f5 Ke5 52. Kg5 exf5 53. gxf5 d5 54. f6 1-0

[Event "CRO-ch U19"]
[Site "Split"]
[Date "2021.07.25"]
[Round "1"]
[White "Duda, Daniel1111"]
[Black "Tukovic, Dario"]
[Result "0-1"]
[WhiteElo "1962"]
[BlackElo "1777"]
[PlyCount "54"]
[EventDate "2021.07.25"]
[EventType "swiss"]
[EventRounds "9"]
[EventCountry "CRO"]
[SourceTitle "EXT 2022"]
[Source "ChessBase"]
[SourceDate "2021.10.06"]
[SourceVersion "1"]
[SourceVersionDate "2021.10.06"]
[SourceQuality "1"]

1. d4 Nf6 2. Nf3 g6 3. Bg5 Bg7 4. Nbd2 d5 5. e3 Nbd7 6. c4 c6 7. Rc1 Ne4 8. Nxe4 dxe4 9. Nd2 Qa5 10. Bh4 c5 11. Be2 cxd4 12. exd4 Bxd4 13. 0-0 Bf6 14. Bg3 Bg5 15. Rc2 f5 16. a3 f4 17. h4 fxg3 18. hxg5 gxf2+ 19. Kxf2 e3+ 20. Kxe3 Qxg5+ 21. Kf2 0-0+ 22. Kg1 Nf6 23. Nf3 Qe3+ 24. Kh1 Ng4 25. Qc1 Bf5 26. Rd2 Be4 27. Qc3 Qh6+ 0-1

[Event "CRO-chT U18"]
[Site "Cakovec"]
[Date "2019.12.27"]
[Round "2.3"]
[White "Tukovic, Dario"]
[Black "Markovic, Patrik"]
[Result "1-0"]
[WhiteElo "1619"]
[BlackElo "1474"]
[PlyCount "89"]
[EventDate "2019.12.27"]
[EventType "team-tourn"]
[EventRounds "7"]
[EventCountry "CRO"]
[SourceTitle "CBM 194 Extra"]
[Source "ChessBase"]
[SourceDate "2020.03.31"]
[SourceVersion "1"]
[SourceVersionDate "2020.03.31"]
[SourceQuality "1"]

1. d4 Nf6 2. c4 g6 3. Nc3 d5 4. Nf3 Bg7 5. Qb3 c6 6. cxd5 Nxd5 7. e4 Nb6 8. Be3 0-0 9. a4 N6d7 10. Rd1 Qa5 11. Qa3 e6 12. b4 Qc7 13. Be2 Nf6 14. Qc1 Re8 15. Bh6 Bh8 16. 0-0 Nbd7 17. e5 Nd5 18. Nxd5 exd5 19. b5 Nb8 20. Qc3 Be6 21. Ng5 Qd7 22. h3 Bg7 23. Bxg7 Kxg7 24. Nxe6+ fxe6 25. Qg3 Qf7 26. Bg4 a6 27. Rd3 Rf8 28. Rb1 axb5 29. axb5 Ra2 30. Rf3 Qe7 31. Rxf8 Kxf8 32. Qf4+ Kg7 33. h4 Ra7 34. g3 h6 35. Kg2 Qf7 36. Qd2 Qe7 37. h5 gxh5 38. Bxh5 Qg5 39. Qe2 Qf5 40. Rh1 cxb5 41. Rh4 Ra5 42. Rg4+ Kh8 43. Bg6 Qf8 44. Qd2 b4 45. Bf7 1-0

[Event "Hvar op U15"]
[Site "Hvar"]
[Date "2018.10.06"]
[Round "3"]
[White "Tukovic, Dario"]
[Black "Matosin, Jurica"]
[Result "1/2-1/2"]
[WhiteElo "1518"]
[BlackElo "1586"]
[PlyCount "26"]
[EventDate "2018.10.05"]
[EventType "swiss"]
[EventRounds "6"]
[EventCountry "CRO"]
[SourceTitle "CBM 187 Extra"]
[Source "ChessBase"]
[SourceDate "2018.11.04"]
[SourceVersion "1"]
[SourceVersionDate "2018.11.04"]
[SourceQuality "1"]

1. d4 d5 2. c4 e6 3. Nc3 c6 4. e4 dxe4 5. Nxe4 Nf6 6. Nxf6+ Qxf6 7. Nf3 Bb4+ 8. Bd2 Bxd2+ 9. Qxd2 0-0 10. Be2 Rd8 11. Qc2 Na6 12. 0-0 c5 13. dxc5 e5 1/2-1/2

[Event "CRO-chT U16"]
[Site "Nasice"]
[Date "2017.12.29"]
[Round "6"]
[White "Tukovic, Dario"]
[Black "Birkic, Josip"]
[Result "1/2-1/2"]
[WhiteElo "1517"]
[BlackElo "1704"]
[PlyCount "49"]
[EventDate "2017.12.27"]
[EventType "team-tourn"]
[EventRounds "7"]
[EventCountry "CRO"]
[SourceTitle "EXT 2019"]
[Source "ChessBase"]
[SourceDate "2018.10.10"]
[SourceVersion "1"]
[SourceVersionDate "2018.10.10"]
[SourceQuality "1"]

1. d4 Nf6 2. c4 e6 3. Nc3 Bb4 4. Qc2 b6 5. a3 Bxc3+ 6. bxc3 d6 7. e4 Nc6 8. Nf3 e5 9. Be2 0-0 10. 0-0 h6 11. h3 Re8 12. d5 Na5 13. Re1 Ba6 14. c5 Bxe2 15. Rxe2 dxc5 16. c4 Nb7 17. Bb2 Nd7 18. Rd1 Nd6 19. a4 Qf6 20. Ne1 Qg6 21. f3 a5 22. Nd3 Re7 23. Rf1 Rae8 24. Nf2 f6 25. Ng4 1/2-1/2